Holy feast and holy fast : the religious significance of food to medieval women = Festín religioso : el significado religioso de la comida para la mujer medieval /

Gorde:
Xehetasun bibliografikoak
Egile nagusia: Bynum, Caroline Walker
Formatua: Ezezaguna
Hizkuntza:English
Argitaratua: Berkeley : University of California Press, 1987.
Gaiak:
Etiketak: Etiketa erantsi
Etiketarik gabe, Izan zaitez lehena erregistro honi etiketa jartzen!

MARC

LEADER 000000000a22000000004500
001 014243
020 |a 0520057228 
041 0 |a eng 
082 0 4 |a 248.46   |b B994h 
100 1 |a Bynum, Caroline Walker 
245 1 0 |a Holy feast and holy fast :   |b the religious significance of food to medieval women = Festín religioso : el significado religioso de la comida para la mujer medieval /   |c Caroline Walker Bynum. 
246 3 1 |a Festín religioso : el significado religioso de la comida para la mujer medieval 
260 1 |a Berkeley :   |b University of California Press,   |c 1987. 
300 |a 444 páginas, 30 láminas :   |b ilustraciones ;   |c 24 cm. 
650 4 |a COMIDA 
650 4 |a ASPECTOS RELIGIOSOS 
650 4 |a CRISTIANISMO 
650 4 |a DOCTRINAS 
650 4 |a EDAD MEDIA 
500 |a Colección George Yúdice 
999 |c 20137  |d 20137 
942 |c BK  |h 248.46 B994h  |2 z